000
00313nam a22001337a 4500
008
170602b xxu||||| |||| 00| 0 eng d
020
_a
9780307263629
041
_a
eng
080
_a
93
100
_a
17
101
_a
SHH
245
_a
THE SECRET LIFE OF THE NATURAL HISTORY MUSEUM
_c
FORTEX, R
942
_2
udc
_c
BK
999
_c
15593
_d
15593